[Event "EU-chT (Men) 11th"]
[Site "Pula"]
[Date "1997.05.??"]
[Round "3.1"]
[White "Jussupow, Artur"]
[Black "Kengis, Edvins"]
[Result "1-0"]
[WhiteElo "2665"]
[BlackElo "2585"]
[Annotator "Avrukh,B"]
[PlyCount "93"]
[EventDate "1997.05.05"]
[EventType "team-swiss"]
[EventRounds "9"]
[EventCountry "CRO"]
[SourceTitle "CBM 057 Extra"]
[Source "ChessBase"]
[SourceDate "1997.05.01"]
[SourceVersion "1"]
[SourceVersionDate "1997.05.01"]
[SourceQuality "1"]
[WhiteTeam "Germany"]
[BlackTeam "Latvia"]
[WhiteTeamCountry "GER"]
[BlackTeamCountry "LAT"]

1. d4 e6 2. Nf3 c5 3. e3 Nf6 4. Bd3 b6 5. O-O Bb7 6. c4 Be7 7. Nc3 a6 8. b3 d6
{too passive set-up,i think the main reason of black's troubles in middlegame.}
(8... cxd4 9. exd4 d6 10. Bb2 Nbd7 11. Re1 O-O 12. d5 e5 13. Nd2 b5 14. cxb5
axb5 15. Bxb5 Nb6 16. Bc6 Bxc6 17. dxc6 Qc7 18. a4 Qxc6 19. Nb5 Nfd5 20. Rc1
Qd7 21. Ne4 f5 22. Nec3 Nf4 $13 {0-1 Saacke,B-Fritz,R/BL2-S 1989 (48)}) (8...
O-O 9. Bb2 cxd4 10. exd4 d5 11. Qe2 Nbd7 12. Rfe1 Re8 13. Ne5 Bb4 14. a3 Nxe5
15. dxe5 Bxc3 16. Bxc3 Ne4 17. Bxe4 dxe4 18. Qh5 Re7 19. Rad1 Rd7 20. Rd6 Rxd6
21. exd6 Qxd6 22. Qg4 Qf8 23. Rd1 Bc6 24. Rd6 Rc8 25. Bb4 Qe8 26. Bc3 Qf8 {
1/2-1/2 Dizdar,G-Fernandez Garcia,J/Yurmala 1983 (27)}) 9. Bb2 O-O (9... Nbd7
10. Qe2 (10. a4 $6 cxd4 11. exd4 O-O 12. d5 e5 13. Ng5 g6 14. Nh3 Nh5 15. f4
Nxf4 16. Nxf4 exf4 17. Rxf4 Ne5 18. Bc2 Bc8 19. Ne2 Bg5 20. Bxe5 dxe5 21. Rf1
a5 $17 {1/2-1/2 Hoi,C-Tangborn,E/Reykjavik op 1990 (32)}) 10... O-O 11. Rad1
Re8 12. e4 cxd4 13. Nxd4 Nf8 14. f4 N6d7 15. Kh1 Qc7 16. Bb1 Rad8 17. Qh5 Bf6
18. Qh3 Qc5 19. Nc2 Qc7 20. Ne3 Nc5 21. Ng4 Bxc3 22. Qxc3 f6 23. Qg3 $16 {
1-0 Hartston,W-Vilela,J/Tallinn 1979 (30) .}) 10. d5 ({Another plan -} 10. Qe2
Nbd7 (10... Nc6 11. Rad1) 11. e4 cxd4 12. Nxd4 {with complicated struggle.})
10... exd5 (10... e5 11. Nd2 {[%cal Gf2f4]} Nbd7 12. f4 $36 Re8 13. Qf3 $36)
11. cxd5 b5 (11... Nbd7 12. a4) (11... Nxd5 $2 12. Nxd5 Bxd5 13. Bxh7+ Kxh7 14.
Qxd5 $16) 12. e4 Nbd7 13. a4 $1 b4 {[%csl Gc4]} 14. Ne2 Ne8 15. Nd2 {[%cal
Gd2c4,Gf2f4]} Ne5 16. Bxe5 (16. Nc4 Bf6 (16... Nxd3 17. Qxd3 Bf6 18. Bxf6 Nxf6
19. f4 {and black's position is very passive.}) 17. f4 (17. Bxe5 Bxe5 (17...
dxe5 18. a5 $1 {[%csl Ga6,Rb6,Gc5]}) 18. Rc1 Bf6 19. f4 g6) 17... Nxc4 18. Bxf6
Nxf6 19. bxc4 Re8 20. Ng3 {and white has good attacking chances.}) 16... dxe5
17. Ng3 {[%cal Gd1e2]} (17. Nc4 Nd6 $1 {and white cannot take} 18. Nxe5 {
because of} Bf6 19. f4 Re8) 17... Nd6 18. Rc1 Rc8 19. Qe2 Bg5 20. Rc2 g6 21.
Rfc1 (21. Bxa6 $2 Bxa6 22. Qxa6 Bxd2 23. Rxd2 c4 24. bxc4 Ra8 25. Qc6 Rc8 $11)
21... Qb6 22. Ngf1 {[%cal Gf1e3,Ge3c4]} f5 23. Ne3 $2 (23. exf5 $1 e4 (23...
Nxf5 24. Bxf5 Rxf5 25. Ng3 Rf7 26. Nge4 $16) 24. Bxe4 Rce8 (24... Nxe4 25. Qxe4
Rce8 26. Qd3 Rxf5 27. Nc4 Qd8 28. Nce3 $16) 25. fxg6 Nxe4 (25... hxg6 26. Rd1
$18) 26. gxh7+ Kxh7 (26... Kh8 27. Nxe4 Bxc1 28. Rxc1) 27. Nxe4 Bxc1 28. Rxc1
Qg6 29. f3 Bxd5 30. Nfd2 $16) {Now black is successful to simplify position.}
23... fxe4 24. Bxe4 (24. Nxe4 Bxe3 25. Qxe3 (25. fxe3 Nxe4 26. Bxe4 Qd6 $11)
25... Nf5 26. Qg5 Bxd5 (26... Nd4 $2 27. Rxc5 Rxc5 (27... Nxb3 28. Rxc8 Bxc8
29. d6 $1 {with decisive attack.}) 28. Nxc5 $18) 27. Nxc5 Rcd8) 24... Nxe4 25.
Nxe4 Bxe3 26. Qxe3 Bxd5 27. Nxc5 (27. Rxc5 Rcd8 (27... Rxc5 28. Nxc5 $14) 28.
Rxd5 $140 $5 Qxe3 29. Nf6+ Kf7 30. fxe3 Kxf6 31. Ra5 Rd3 32. Rxa6+ Kg5 {
and black's counterplay enough for draw.}) 27... Rfe8 $11 28. h4 {Too risky
for white,better was 28 h3, with equality,} ({or} 28. Qd3 Rcd8 29. Qxa6 Qxa6
30. Nxa6 Bxb3 $11) 28... a5 29. Qg5 {[%cal Gh4h5]} (29. Nd7 Qxe3 30. Rxc8 Qxc1+
(30... Qd4 $5) 31. Rxc1 Kg7 32. Rc5 $11) (29. Qd3 Bf7) 29... Qd8 30. Qg3 Qe7
31. h5 Rc6 32. h6 Rec8 33. Qe3 $8 g5 34. f3 Rxh6 35. Ne4 Rxc2 36. Rxc2 Bxe4 (
36... Rc6 37. Rxc6 Bxc6 38. Nxg5 {maybe white is a little better.}) 37. Qxe4
$44 {White's compensation is quite enough for draw , but no more . After hard
defence black loses this game in timetrouble.} Qa7+ 38. Kf1 Qa6+ (38... Qd7
$142 39. Kf2 Re6 40. Rc5 {with equality.}) 39. Kf2 Qa7+ 40. Kg3 Qe7 $2 (40...
Re6 41. Qd5 Qf7 42. Rc4 h6 43. Qxa5 $140 e4 $132) 41. Qa8+ $18 Kg7 42. Qxa5 ({
after} 42. Qc8 Qf8 43. Qb7+ Kg6 44. Qe4+ Kg7 45. Rc7+ Kh8 46. Qxe5+ Kg8 47.
Qd5+ Kh8 48. Qd4+ Rf6 (48... Kg8 49. Qc4+ $18 {[%cal Gc7c8]}) 49. Rc8 Qxc8 50.
Qxf6+ Kg8 51. Qxg5+ Kf7 52. Qxa5 {white has some tehnical difficulties.}) 42...
Kg6 43. Qd5 Rh4 44. Rc6+ Kf5 45. Kf2 {[%cal Gg2g4]} Rd4 46. g4+ Kf4 47. Rc4 1-0

[Event "EU-chT (Men) 11th"]
[Site "Pula"]
[Date "1997.05.??"]
[Round "5.3"]
[White "Lputian, Smbat G"]
[Black "Allahverdiyev, Anar"]
[Result "1-0"]
[WhiteElo "2615"]
[BlackElo "2380"]
[Annotator "Avrukh,B"]
[PlyCount "103"]
[EventDate "1997.05.05"]
[EventType "team-swiss"]
[EventRounds "9"]
[EventCountry "CRO"]
[SourceTitle "CBM 057 Extra"]
[Source "ChessBase"]
[SourceDate "1997.05.01"]
[SourceVersion "1"]
[SourceVersionDate "1997.05.01"]
[SourceQuality "1"]
[WhiteTeam "Armenia"]
[BlackTeam "Azerbaijan"]
[WhiteTeamCountry "ARM"]
[BlackTeamCountry "AZE"]

1. d4 Nf6 2. c4 e6 3. Nf3 Bb4+ 4. Nbd2 b6 5. a3 Bxd2+ 6. Qxd2 Bb7 7. e3 d6 8.
Be2 Nbd7 9. O-O O-O 10. b4 c5 (10... Ne4 11. Qc2 f5 12. Bb2 Rf6 13. d5 Rg6 14.
Ne1 Qg5 (14... exd5 15. f3) 15. f4 Qe7 16. Nf3 c5 17. dxc6 Bxc6 18. Nd4 Bb7 19.
Bf3 Rc8 $11 {1/2-1/2 Sarno,S-Smyslov,V/Roma op 1990 (42)}) 11. Bb2 Qc7 $146 {
More common place for black's queen on e7,f.e.} (11... Qe7 12. Rfd1 (12. dxc5
bxc5 13. bxc5 Nxc5 14. Bxf6 $5 gxf6 15. Nd4 Kh8 16. f3 Rg8 17. Rab1 Rg5 18. Rf2
Rd8 19. Bf1 Ba8 $13 {Nepomnishay,M-Loginov,V/St.Petersburg-ch 1996/0-1 (64)})
12... Rfd8 13. Rac1 Rac8 14. Ba1 Nf8 15. a4 Ng6 16. a5 Ne4 17. Qb2 cxb4 18.
Qxb4 d5 19. Qxe7 Nxe7 20. axb6 axb6 21. Bd3 Ba6 22. Bxe4 dxe4 23. Nd2 f5 24.
Bb2 {1/2-1/2 Oll,L-Kholmov,R/URS-FL56 Klaipeda 1988}) 12. Rfd1 Rfd8 13. Rac1 (
13. dxc5 dxc5 14. Qd6 Qxd6 15. Rxd6 Ne4 16. Rd3 Nf8 $11) 13... Rac8 14. Qc2 h6
15. h3 Be4 16. Qc3 Ba8 17. d5 cxb4 (17... e5 $6 18. b5 {[%csl Ga8,Gc7,Gc8]
[%cal Gf3h4,Gh4f5,Gf2f4,Gg2g4] and black's position is very passive, without
any counterchances.} (18. Nh4 cxb4 19. axb4 a5 {gives black counterplay on the
queenside.})) 18. axb4 exd5 $2 (18... e5 $142 {[%csl Gb2,Gc3]} 19. Nd2 {
[%cal Gd2b3]} (19. Qa3 Bb7 (19... a5 $2 20. bxa5 bxa5 21. Bc3 $14) 20. Nh4 (20.
Ra1 Ra8 {[%cal Ga7a5]}) 20... g6 (20... a5 21. Nf5 axb4 22. Qxb4 Nc5 23. f4 $36
)) (19. b5 $6 Bb7 20. Ra1 Ra8 $11 {[%cal Ga7a6]}) (19. Nh4 g6 20. f4 a5 21.
bxa5 bxa5 22. Nf3 Ne4 23. Qc2 f5) 19... a5 20. f4 (20. bxa5 bxa5 21. Ra1 Bxd5
$1 $11) 20... axb4 21. Qxb4 $14) 19. Qb3 Qb7 20. cxd5 Rxc1 21. Bxc1 (21. Rxc1
Nxd5) 21... b5 (21... Nxd5 $2 22. Bc4 N7f6 23. e4 $1 {with decisive advantage.}
) 22. Nh4 $1 {[%cal Gh4f5]} Nb6 (22... Nxd5 23. Bf3 N7b6 24. Bb2) 23. Bb2 Qe7 (
23... Nfxd5 24. Bf3) 24. Nf5 Qe4 25. Nxh6+ $1 $18 Kf8 26. Bxf6 gxf6 27. Bf3 Qg6
28. Ng4 {White has pawn up , with good attacking chances; so black's position
is completely losing.} f5 29. Nh2 Rc8 30. Nf1 {[%cal Gf1g3,Gg3e2,Ge2f4,Ge2d4]}
Nc4 31. Ng3 (31. Qa2 $142 Rc7 32. Qa6 Ne5 33. Be2 $18 {[%csl Gb5]}) 31... Re8 {
[%csl Gg3][%cal Gc4e3]} 32. Ne2 Ne5 33. Nd4 Rc8 34. Be2 a6 35. Bf1 Bb7 36. Ne2
$6 (36. Qb1 $142 $1 Bxd5 37. Nxf5 Nf3+ 38. Kh1 {and white wins.}) 36... Qf6 37.
Qb1 {[%csl Gf5]} Ng6 38. g3 Ne7 39. Bg2 Rc4 40. Nd4 Qe5 41. Qd3 {[%cal Gd4c6]}
Rxb4 (41... Bxd5 $142 42. f4 Qf6 43. Bxd5 Nxd5 44. Nxf5 Nxb4 45. Qxd6+ Qxd6 46.
Rxd6 (46. Nxd6 Rc2) 46... Kg8 (46... Ke8 47. h4 $18) 47. Rd7 $18) 42. Nc6 Bxc6
43. dxc6 Nc8 (43... Rc4 44. Qxd6 (44. Qa3 $18) 44... Qxd6 45. Rxd6 b4 46. h4 b3
47. Rd8+ Kg7 48. Rb8 $18) 44. Rc1 Ke7 45. c7 Qb2 46. Rd1 Qe5 47. Bb7 Kd7 48.
Rc1 Ra4 49. Qb3 Qe6 50. Bd5 Qe5 51. Bc6+ Ke7 52. Bb7 1-0

[Event "St Petersburg-ch"]
[Site "St Petersburg"]
[Date "1996.??.??"]
[Round "8"]
[White "Nepomnishay, Mikhail I"]
[Black "Loginov, Valery A"]
[Result "0-1"]
[WhiteElo "2480"]
[BlackElo "2525"]
[Annotator "Baburin,A"]
[PlyCount "128"]
[EventDate "1996.04.??"]
[EventType "tourn"]
[EventRounds "13"]
[EventCountry "RUS"]
[EventCategory "11"]
[SourceTitle "CBM 056"]
[Source "ChessBase"]
[SourceDate "1997.02.01"]
[SourceVersion "1"]
[SourceVersionDate "1997.02.01"]
[SourceQuality "1"]

1. d4 Nf6 2. c4 e6 3. Nf3 Bb4+ 4. Nbd2 b6 5. a3 Bxd2+ 6. Qxd2 Bb7 7. e3 d6 8.
Be2 Nbd7 9. O-O O-O 10. b4 c5 11. Bb2 Qe7 12. dxc5 bxc5 {In this particular
pawn formation, which often occurs in the Nimzo-Indian and Bogo-Indian, White
usually tries to advance his pawns on the <<. Thus, White's next move seems
dubious to me, as the whole idea behind it is very doubtful:} 13. bxc5 $6 Nxc5
14. Bxf6 {This is the point - White compromises Black's pawn formation on the
>>. The trouble is that in order to cause this doubtful damage, White has
given up his position on the << (the c5-square), while the black K remains
safe. In fact Black might gain some advantage from having the semi-open g-file.
Overall, White does not get any advantage by playing 13 bxc5 & 14 Bxf6.} gxf6
15. Nd4 Kh8 16. f3 Rg8 17. Rab1 Rg5 18. Rf2 Rd8 19. Bf1 Ba8 20. e4 Nd7 (20...
Bxe4 $5 21. fxe4 Nxe4 22. Qe3 Nxf2 23. Qxf2 Rc8 $13) 21. Nb5 Nc5 22. Nc3 Bc6
23. Re2 a6 24. f4 Rg4 25. g3 Rgg8 26. Bg2 Rb8 27. Rd1 ({Here White could try
to break through in the centre by} 27. Rxb8 Rxb8 28. e5 Bxg2 29. exd6 Qd8 30.
Rxg2 Rb6 $13) 27... Rgd8 28. Nd5 Bxd5 29. exd5 e5 30. fxe5 fxe5 31. Bh3 Rg8 32.
Rf1 Qh4 33. Bf5 Nb3 $1 34. Qe3 Nd4 35. Rg2 $2 Nxf5 $19 36. Rxf5 Rb1+ 37. Rf1
Rxf1+ 38. Kxf1 Qxc4+ 39. Re2 Qxd5 40. Qh6 Rg6 41. Qf8+ Rg8 42. Qh6 Rb8 43. Qf6+
Kg8 44. Qg5+ Kf8 45. Qh6+ Ke8 46. Qxh7 Rb1+ 47. Kf2 Qd4+ 48. Kf3 Rb3+ 49. Kg2
Qd5+ 50. Kh3 Rxa3 51. Qc2 Qe6+ 52. Kg2 Qd5+ 53. Kh3 Qe6+ 54. Kg2 Kf8 55. Qc7
Qd5+ 56. Kh3 Qe6+ 57. Kg2 Kg7 58. Qd8 Qd5+ 59. Kh3 Qe6+ 60. Kg2 Rc3 61. Rd2 Rc6
62. Qa8 Qc4 63. Qd8 Qe4+ 64. Kh3 d5 0-1

[Event "Buenos Aires Najdorf"]
[Site "Buenos Aires"]
[Date "1996.??.??"]
[Round "2"]
[White "Slipak, Sergio"]
[Black "Almasi, Zoltan"]
[Result "0-1"]
[WhiteElo "2535"]
[BlackElo "2650"]
[Annotator "Baburin,A"]
[PlyCount "86"]
[EventDate "1996.04.??"]
[EventType "tourn"]
[EventRounds "9"]
[EventCountry "ARG"]
[EventCategory "13"]
[SourceTitle "CBM 053"]
[Source "ChessBase"]
[SourceDate "1996.08.01"]
[SourceVersion "1"]
[SourceVersionDate "1996.08.01"]
[SourceQuality "1"]

1. d4 Nf6 2. Nf3 e6 3. e3 b6 4. Bd3 Bb7 5. O-O Be7 6. c4 O-O 7. Nc3 d5 8. Qe2
Nbd7 9. e4 dxe4 10. Nxe4 c5 11. dxc5 Bxe4 12. Bxe4 Nxe4 13. Qxe4 Nxc5 14. Qe2
Qd3 15. Re1 Bf6 16. Be3 Rfd8 17. Rab1 Qxe2 18. Rxe2 Na4 19. Kf1 Rac8 20. Rc2 {
[#] Black has a better ending due to the pressure upon the White's Queen side;
all his pieces work at a maximum capacity, however White may relise somehow
after the eventual b2-b3. Thus Black must take some actions without delay,
this corresponds with one of the Steinitz' roles: "The side, which has an
advantage, must attack in order to maintain this advantage". Here Black gives
a good example of that how this principle should be followed.} Nxb2 $1 21.
Rcxb2 Bxb2 22. Rxb2 Rxc4 23. Ne5 Rc3 24. Bd2 Rc5 25. f4 Rdc8 26. a3 Rc2 27.
Rxc2 Rxc2 {This is the position Black probably aimed for, when he played 20 ..
Nxb2, Black has a decisive advantage here. Let us examine this position
closely. First of all, here we have an endgame, the phase of a game, when a
rook and just one pawn is often superior than two minor pieces, which are
usually more useful in a middlegame, particularly if they can be employed for
an attack upon the king. Here Black has a rook and two pawns. Secondly, White
has no counterplay - no passed pawns, no objects to attack, while Black can
attack the weak a3-pawn and simply create a passed pawn on the Queen side and
one in the centre, if necessary. Therefor we can evaluate the position as
winning for Black; the active position of his rook and bad placement of the
white king just make the Black's task easier.} 28. Bb4 f6 $1 29. Nf3 Kf7 30.
Nd4 Rc4 31. Ne2 a5 32. Bd2 Rc2 33. Bc1 b5 34. Kf2 b4 35. axb4 axb4 36. Ke3 b3
37. Kd3 Rxc1 38. Nxc1 b2 39. Kc2 bxc1=Q+ 40. Kxc1 Kg6 41. Kd2 Kf5 42. Ke3 Kg4
43. Ke4 h5 0-1

[Event "Moscow"]
[Site "Moscow"]
[Date "1981.04.??"]
[Round "11"]
[White "Torre, Eugenio"]
[Black "Geller, Efim P"]
[Result "1/2-1/2"]
[WhiteElo "2550"]
[BlackElo "2615"]
[Annotator "Belov,I"]
[PlyCount "71"]
[EventDate "1981.04.08"]
[EventType "tourn"]
[EventRounds "13"]
[EventCountry "URS"]
[EventCategory "15"]
[SourceTitle "MCL"]
[Source "ChessBase"]
[SourceDate "1999.07.01"]
[SourceVersion "1"]
[SourceVersionDate "1999.07.01"]
[SourceQuality "1"]

1. d4 Nf6 2. c4 e6 3. Nf3 b6 4. e3 Bb7 5. Bd3 d5 6. b3 (6. O-O Bd6 (6... dxc4
7. Bxc4 Be7 8. Qe2 O-O 9. Nc3 Ne4 10. Nxe4 Bxe4 11. b3 c5 12. Rd1 Qc7 13. dxc5
Bxc5 14. Bb2 $14 {Petrosian,T-Veingold,A/Tallin/1983/1:0 (23) Inf 35/616/}) 7.
b3 O-O 8. Bb2 Nbd7 9. Nc3 a6 10. Rc1 Qe7 $10) 6... Bb4+ (6... Bd6) 7. Nbd2 O-O
8. O-O Nbd7 9. Bb2 Re8 $5 (9... c5 10. a3 Bxd2 11. Nxd2 $16 {/\ f4/}) (9... Qe7
10. Qc2 Bd6 11. e4 $16) (9... Ne4 10. a3 Bd6 11. Qc2 f5 12. cxd5 exd5 13. Ne5
Qe7 14. f4 c5 $10) 10. a3 Bf8 11. Qe2 c5 $10 12. Rfd1 (12. cxd5 Nxd5 (12...
exd5 13. Rfd1) 13. Rfd1 cxd4 14. Nxd4 Nc5 15. Bc2 Qg5 $10) 12... cxd4 13. exd4
(13. Nxd4 Ne5 14. Bc2 dxc4 $10) 13... dxc4 14. bxc4 Qc7 15. a4 (15. Ne5 $6 Nxe5
16. dxe5 Nd7 17. Ne4 Nc5 $15) 15... a5 16. Nf1 (16. Rac1 $5 Rad8 17. Ne4 $10)
16... Rad8 17. Ng3 g6 18. Re1 Bg7 19. Rac1 Bxf3 $1 20. Qxf3 e5 $15 21. dxe5 (
21. d5 $6 Nc5 22. Be2 Nfd7 $17 {/\ f5/}) 21... Nxe5 22. Bxe5 Rxe5 23. Rxe5 Qxe5
24. Ne4 $1 Qd4 (24... Nh5 25. g3 f5 26. Nc3 $13) 25. Nxf6+ Bxf6 26. Rd1 Qb2 (
26... Re8 $5 27. Bxg6 $2 hxg6 28. Rxd4 Re1# $19) 27. g3 (27. Be4 $6 Rxd1+ 28.
Qxd1 Bd4 29. Qc2 Qa1+ $17) 27... Kg7 (27... Re8 28. Be4 $10 {/\ Bd5/}) 28. Be4
$1 $10 Rxd1+ 29. Qxd1 Bd4 30. Qc2 (30. Qf3 Qa1+ 31. Kg2 Qxa4 32. Bd5 Qd7 $17)
30... Qa1+ 31. Kg2 Qe1 {/\ Bf2/} 32. Bf3 h5 33. h4 Kf6 34. Qe2 Qxe2 35. Bxe2
Ke5 36. Bf3 1/2-1/2

[Event "Moscow"]
[Site "Moscow"]
[Date "1981.04.??"]
[Round "1"]
[White "Portisch, Lajos"]
[Black "Petrosian, Tigran V"]
[Result "1/2-1/2"]
[WhiteElo "2650"]
[BlackElo "2585"]
[Annotator "Belov,I"]
[PlyCount "39"]
[EventDate "1981.04.08"]
[EventType "tourn"]
[EventRounds "13"]
[EventCountry "URS"]
[EventCategory "15"]
[SourceTitle "MCL"]
[Source "ChessBase"]
[SourceDate "1999.07.01"]
[SourceVersion "1"]
[SourceVersionDate "1999.07.01"]
[SourceQuality "1"]

1. d4 Nf6 2. c4 e6 3. Nf3 b6 4. e3 Bb7 5. Bd3 Be7 6. O-O O-O 7. b3 c5 8. Bb2
cxd4 (8... d6 9. Nbd2 (9. Nc3 $5) 9... Nbd7 10. Qe2 Re8 11. Ng5 h6 12. f4 Bf8
13. Ngf3 g6 14. Rad1 Bg7 $10 {Yusupov,A-Sokolov,A/Bugojno/1986/0.5 (36) Inf 41/
617/}) 9. exd4 (9. Nxd4 Nc6 10. Nxc6 Bxc6 11. Nc3 Qc7 12. Qe2 Bd6 $10) 9... d5
10. Qe2 (10. Ne5 $5 Nc6 11. Nxc6 Bxc6 12. Nd2 Qd6 13. Rc1 Rac8 14. Qe2 Qf4 15.
g3 Qh6 16. f4 $14 {Bellon Lopez,J-Beliavsky/Haifa/1989/1:0 (42) Inf 48/676/})
10... Nc6 11. Nbd2 Re8 12. Rac1 Bf8 13. h3 Rc8 14. Rfd1 Nd7 $5 (14... g6 15.
Qe3 (15. a3 Bg7 16. c5 Nh5 17. Bb5 bxc5 18. Rxc5 Re7 $10 {Rodriguez,O-Browne,W/
Surakarta_Denpasar/1982/0:1 (40) Inf 33/636/}) 15... Bg7 (15... Nh5 16. Nf1 Qd6
17. N1h2 Bg7 18. Ne5 $14 {Keres,P-Taimanov,M/Tallin/1975/1:0 (54) Inf19/543/})
(15... Ne7 $5 $10) 16. Ne5 dxc4 17. bxc4 Ne7 18. Ndf3 Nf5 19. Bxf5 exf5 20. Qa3
Bh6 $10 {Smyslov,V-Ribli,Z/London(m/1)/1983/1:0 (65) Inf 36/618/}) 15. Qe3 g6
16. cxd5 (16. Ne5 $5 Ndxe5 (16... Ncxe5 17. dxe5 Nc5 18. Bb1 $14) 17. dxe5 d4
18. Qg3 Nb4 19. Be4 $13) 16... exd5 17. Qf4 Qf6 $10 18. Qxf6 Nxf6 19. Ne5 Nb8
$1 (19... Nxe5 20. dxe5 Ne4 21. Nf3 $14) 20. Nb1 1/2-1/2

[Event "Novosibirsk"]
[Site "Novosibirsk"]
[Date "1993.??.??"]
[Round "5"]
[White "Goldin, Alexander"]
[Black "Vaisser, Anatoli"]
[Result "1-0"]
[WhiteElo "2555"]
[BlackElo "2570"]
[Annotator "Belov,I"]
[PlyCount "81"]
[EventDate "1993.06.??"]
[EventType "tourn"]
[EventRounds "11"]
[EventCountry "RUS"]
[EventCategory "14"]
[SourceTitle "CBM 036"]
[Source "ChessBase"]
[SourceDate "1993.10.01"]
[SourceVersion "1"]
[SourceVersionDate "1993.10.01"]
[SourceQuality "1"]

1. Nf3 c5 2. c4 b6 3. e3 $5 Bb7 (3... Nf6 4. Nc3 e6 (4... g6 $5 5. d4 Bg7 6.
Be2 O-O 7. O-O e6 $13) 5. d4 d6 6. Be2 Be7 7. O-O O-O 8. d5 e5 9. e4 Nbd7 10.
Ne1 Ne8 11. g3 $14 {Ravi,L-Eingorn,V Manila 1992 Inf 55/506/}) 4. d4 cxd4 5.
exd4 Nf6 6. Nc3 e6 7. Bd3 (7. a3 d5 (7... d6 $5) 8. cxd5 Nxd5 9. Ne5 a6 10. Qf3
$1 (10. Qh5 g6 11. Qf3 f6 12. Ng4 Bg7 13. Bc4 O-O 14. O-O Qd7 15. Qh3 $14 {
Ermolinskij,A-Oll,L SSSR 1986 Inf 42/683/}) 10... Qe7 (10... Qc7 11. Qg3 $16) (
10... Qc7 11. Bb5+ $1 $16) 11. Ne4 Qc7 {Rohde,M-Gurevich,D Philadelphia 1990
Inf 50/541/} 12. Ng5 $1 Nb4 13. Qxf7+ Qxf7 14. Nexf7 $1 Nc2+ 15. Kd1 Nxa1 16.
Nxh8 Nc6 17. Be3 $16) 7... d6 (7... Be7 8. O-O O-O (8... d5 9. cxd5 Nxd5 10.
Ne5 O-O 11. Qg4 Nf6 12. Qh4 (12. Qg3 Kh8 13. Bg5 h6 14. Qh3 Ng8 15. Qh5 $16 {
Dizdar,G-Hansen,L Berlin 1988 Inf 46/708/}) 12... Nbd7 (12... Nc6 13. Bg5 g6
14. Ba6 $1 $18) 13. Rd1 Re8 $14 (13... Ne4 $6 14. Qh3 Ndf6 15. d5 $1 Nxc3 16.
bxc3 Bxd5 17. Bg5 g6 18. Qh4 $1 h6 19. Bxg6 $1 $16 {Polgar,Zs-Christiansen,L
San Francisco 1991 51/511/})) 9. d5 $1 Na6 10. Bf4 $1 d6 11. dxe6 fxe6 12. Bg3
Nc5 13. Nd4 $14 {Malaniuk,V-Tiviakov,S Moscow 1992 Inf 56/594/}) 8. O-O Nbd7 (
8... Be7 9. Re1 (9. d5 $5 e5 10. Ng5 O-O 11. f4 exf4 $6 12. Bxf4 Nbd7 13. Qf3
Re8 14. Qh3 Nf8 15. Rae1 $16 {Hoi,C-Nielsen,P Gausdal 1989/}) 9... O-O 10. a3
Nbd7 11. b4 Re8 12. Bb2 Bf8 13. d5 e5 14. Nd2 g6 15. a4 $14 {Polgar,Zs Arnason,
J Budapest 1989/}) 9. d5 $5 e5 (9... exd5 10. cxd5 Nxd5 11. Nxd5 Bxd5 12. Bb5
Bb7 (12... Be6 13. Nd4 $44) 13. Re1+ Be7 14. Nd4 $44) 10. Ng5 $5 h6 $146 (10...
Be7 11. f4 g6 $2 (11... O-O $5 12. f5 $14) 12. f5 h6 13. Ne6 $1 fxe6 $6 (13...
Qc8 $5 14. Qa4 $16) 14. fxe6 Nf8 15. Qa4+ N6d7 16. c5 $1 Bc8 17. exd7+ {
1:0 Polgar,Zs-Hracek,Z Stara Zagora 1990/}) 11. Nge4 Nxe4 12. Nxe4 g6 (12...
Be7 13. f4 O-O 14. f5 $14) 13. f4 f5 14. Nc3 Nf6 $6 (14... Bg7 $5 15. Bxf5 $6 (
15. Nb5 Nf6 16. Re1 O-O $5 $13) 15... gxf5 16. Qh5+ Ke7 17. Qxf5 Qg8 $1 $17)
15. Re1 Kf7 16. h3 (16. fxe5 $6 dxe5 17. Rxe5 $2 Bc5+ 18. Kh1 Ng4 $17) 16...
Bc8 $5 17. Rb1 $1 (17. fxe5 dxe5 18. Rxe5 Bc5+ 19. Kh1 Nh5 20. Qf3 Qd6 $44)
17... exf4 (17... e4 $6 18. Bf1 Bg7 19. Be3 $16) 18. Bxf4 Nh5 (18... Bg7 19.
Nb5) 19. Be3 Bg7 20. Qf3 {>=20.Nb5 /\21.Nd4+/-/} Be5 $1 21. Nb5 (21. g4 Ng7)
21... Qf6 22. b4 Bd7 23. c5 bxc5 24. bxc5 dxc5 25. Bxc5 Bxb5 (25... a6 $6 26.
Nc7 $1 Bxc7 27. Rb7 Rac8 28. d6 $16) 26. Rxb5 Bd4+ 27. Bxd4 Qxd4+ 28. Kh1 (28.
Kh2 $5 Qf4+ 29. Qxf4 Nxf4 30. Rb7+ Kf6 31. Bc4 $16) (28. Kh2 $5) 28... Rhe8 29.
Re6 Rac8 30. Rb7+ $6 (30. Kh2 $5 Rxe6 (30... Qf4+ 31. Qxf4 Nxf4 32. Rb7+ Kf8
33. Bb5 $14) (30... Rc1 31. Rb7+ Kf8 32. Rxe8+ Kxe8 33. Qe2+ $18) 31. dxe6+
Kxe6 32. Bxf5+ $18) 30... Kf8 31. Kh2 Rxe6 32. dxe6 Qe5+ 33. g3 Qxe6 34. Rxa7
Rb8 35. Bc2 Rb2 $1 36. Qd3 (36. Qa3+ Kg8 37. Ra8+ (37. Qxb2 Qe2+) 37... Kh7 38.
Rh8+ Kxh8 39. Qxb2+ Kh7 40. Bb3 Qe5 $10) 36... Qb6 $2 (36... Nf6 37. Qd8+ (37.
Qd2 g5 $13) 37... Ne8) 37. Ra8+ $18 Ke7 38. Qe2+ Kd6 (38... Kf6 39. Rf8+) (
38... Kd7 39. Qe8+ Kc7 40. Qc8+ $18) 39. Ra6 Nf6 40. Rxb6+ Rxb6 41. Bb3 1-0